Compairing fertilizer effected on bitter gourd in wet season 2002 at national school of agriculture preak leap, ការពិសោធន៍ប្រៀបធៀបឥទ្ធិពលជីលើដំណាំម្រះក្នុងលក្ខខ័ណ្ធរដូវរំហើយឆ្នាំ២០០២​ ណនៅសាលាជាតិព្រែកលៀប (Record no. 1359)

000 -LEADER
fixed length control field 00747nam a22001577a 4500
003 - CONTROL NUMBER IDENTIFIER
control field OSt
005 - DATE AND TIME OF LATEST TRANSACTION
control field 20150927162054.0
008 - FIXED-LENGTH DATA ELEMENTS--GENERAL INFORMATION
fixed length control field 150927b xxu||||| |||| 00| 0 eng d
040 ## - CATALOGING SOURCE
Transcribing agency RUA
082 ## - DEWEY DECIMAL CLASSIFICATION NUMBER
Classification number ATM.Sp CHA 2003 B058 Or.1
100 ## - MAIN ENTRY--PERSONAL NAME
9 (RLIN) 1447
Personal name CHAN, SYNAT.
245 ## - TITLE STATEMENT
Title Compairing fertilizer effected on bitter gourd in wet season 2002 at national school of agriculture preak leap, ការពិសោធន៍ប្រៀបធៀបឥទ្ធិពលជីលើដំណាំម្រះក្នុងលក្ខខ័ណ្ធរដូវរំហើយឆ្នាំ២០០២​ ណនៅសាលាជាតិព្រែកលៀប
260 ## - PUBLICATION, DISTRIBUTION, ETC. (IMPRINT)
Place of publication, distribution, etc. Phnmo Penh
Name of publisher, distributor, etc. RUA
Date of publication, distribution, etc. 2003
300 ## - PHYSICAL DESCRIPTION
Extent 40p.
Other physical details ill.
Dimensions 29cm.
942 ## - ADDED ENTRY ELEMENTS (KOHA)
Source of classification or shelving scheme
Koha item type ATM.s
Holdings
Price effective from Date last seen Permanent Location Not for loan Date acquired Source of classification or shelving scheme Koha item type Lost status Withdrawn status Date last checked out Total Checkouts Shelving location Damaged status Barcode Current Location Full call number
2015-09-272023-08-30Library Block B 2015-09-27 ATM.s  2023-08-071B058 RUA001714Library Block BATM.Sp CHA 2003 B058 Or.1
2015-09-272018-10-22Library Block B 2015-09-27 ATM.s  2018-10-162B058 RUA001642Library Block BATM.Sp CHA 2003 B058 Or.2
2015-09-272024-06-25Library Block B 2015-09-27 ATM.s  2024-05-172B058 RUA001790Library Block BATM.Sp CHA 2003 B058 Or.3
2015-09-272015-09-27Library Block B 2015-09-27 ATM.s    B058 RUA001934Library Block BATM.Sp CHA 2003 B058 Or.4
2015-09-272024-03-11Library Block B 2015-09-27 ATM.s  2022-12-263B058 RUA001862Library Block BATM.Sp CHA 2003 B058 Or.5
2016-01-252022-12-30Library Block B 2016-01-25 ATM.s  2022-12-123B058 RUA41424Library Block BATM.Sp CHA 2003 B058 Or.6
2016-01-252017-11-15Library Block B 2016-01-25 ATM.s  2017-10-271B058 RUA051522Library Block BATM.Sp CHA 2003 B058 Or.7
មជ្ឈមណ្ឌលឯការនៃសាកលវិទ្យាល័យភូមិន្ទកសិកម្មចំការដូង

Powered by Koha